000 01562nam a2200253Ia 4500
999 _c35840
_d35840
001 1731
003 GE_BSU
005 20190516152916.0
008 181216s1968||||ge |||||||||||||| ||geo||
040 _cGE_BSU
041 _ageo
080 _a811.353.1'367 ჩ-69
100 _aჩიქობავა, არნოლდ
_91234
245 _aმარტივი წინადადების პრობლემა ქართულში. წგ. 1 :
_bქვემდებარე-დამატების საკითხი ძველს ქართულში. მასალები მეთოდოლოგიური იმანენტიზმისათვის /
_cარნოლნ ჩიქობავა ; საქართველოს სსრ მეცნიერებათა აკადემია ; ენათმეცნიერების ინ-ტი.
250 _aმე-2 გამოცემა.
264 _aთბილისი :
_bმეცნიერება,
_c1968.
300 _a295 გვ.
_b25 სმ.
653 _aქართული ენის მორფოლოგია
653 _aფსიქოლოგიზმი
653 _aქართული ენის სინტაქსი
710 _aსაქართველოს ეროვნული მეცნიერებათა აკადემია
_91235
710 _aენათმეცნიერების ინსტიტუტი
_91236
942 _cBK
_2udc